000 01508camaa2200409Mu 4500
001 85491
005 20230410133018.0
008 980320s19981997sp 001 0 spa d
035 _a(OCoLC)ocn431894672
040 _aBNM
_erdc
_bspa
_cBNM
020 _a8477205523
020 _a9788477205524
035 _a(OCoLC)431894672
041 1 _aspa
_heng
082 0 0 _a133.25
050 1 4 _aBF 1290
_bM319t 1998
049 _aGRAL
100 1 _aMarciniak, Barbara,
_d1948
245 1 0 _aTierra /
_cBarbara Marciniak ; traducción de Renate Balzer.
250 _a2a ed.
260 _aBarcelona:
_bEdiciones Obelisco,
_c1998 c1997.
300 _a292 p. ;
_c21 cm.
440 0 _aColección Nueva Consciencia
500 _aIncludes index
500 _a"Las claves pleyadianas de la biblioteca viviente" T p. cover
500 _aTraducido del idioma original: Earth, pleiadian keys to the living library
520 _a"Las enseñanzas pleyadianas se pueden comparar con las enseñanzas chamánicas, ese ancestral estado de consciencia que sirve de intermediario entre los reinos del físico y el espiritual, que conducen al autodescubrimiento a través de la paradoja, los cambios de paraadigma y la espieritualidad"
650 0 _aSpirit writings
650 0 _aSpiritual life
651 0 _aPleiades
_xMiscellanea.
650 0 _aEscritos espirituales
650 0 _aVida espiritual
651 4 _aPléyades
_xMiscelaneas
700 1 _aBalzer, Renate
_etrad.
942 _2lcc
_cbk
946 _abc
999 _c91786
_d91786